Historia de almas / (Record no. 84410)
[ view plain ]
| 000 -LEADER | |
|---|---|
| campo de control de longitud fija | 01078nam a2200241 i 4500 |
| 001 - NÚMERO DE CONTROL | |
| campo de control | 84410 |
| 003 - IDENTIFICADOR DE NÚMERO DE CONTROL | |
| campo de control | ES-MaACL |
| 005 - FECHA Y HORA DE LA ÚLTIMA TRANSACCIÓN | |
| campo de control | 20250404191359.0 |
| 007 - CAMPO FIJO DE DESCRIPCIÓN FÍSICA--INFORMACIÓN GENERAL | |
| campo de control de longitud fija | t| |
| 008 - DATOS DE LONGITUD FIJA--INFORMACIÓN GENERAL | |
| campo de control de longitud fija | 041122s1951 sp ||||1| spa d |
| 100 1# - ENTRADA PRINCIPAL--NOMBRE DE PERSONA | |
| Nombre de persona | Jiménez G. Heras, José. |
| 9 (RLIN) | 66526 |
| 245 10 - MENCIÓN DEL TÍTULO | |
| Título | Historia de almas / |
| Mención de responsabilidad, etc. | José Giménez G. Heras ; prólogo de W. Fernández Florez. |
| 260 ## - PUBLICACIÓN, DISTRIBUCIÓN, ETC. | |
| Lugar de publicación, distribución, etc. | Madrid : |
| Nombre del editor, distribuidor, etc. | Editora Nacional, |
| Fecha de publicación, distribución, etc. | 1951 ( |
| Fabricante | Uguina) |
| 300 ## - DESCRIPCIÓN FÍSICA | |
| Extensión | 152 p. ; |
| Dimensiones | 24 cm. |
| 510 ## - NOTA DE CITAS O REFERENCIAS BIBLIOGRÁFICAS | |
| Nombre de la fuente | CCPB, |
| Localización dentro de la fuente | 000894114-9. |
| 655 #7 - TERMINO DE INDIZACIÓN--GENERO/FORMA | |
| Fuente del término | tgfbne |
| 9 (RLIN) | 234959 |
| Datos o término principal de género/forma | Novelas cortas |
| 700 1# - ENTRADA AGREGADA--NOMBRE PERSONAL | |
| Nombre de persona | Fernández Flórez, Wenceslao, |
| Fechas asociadas al nombre | 1885-1964 |
| 9 (RLIN) | 49790 |
| 852 ## - LOCALIZACIÓN | |
| Ubicación | ES-MaACL |
| Número de control de estantería | D-6565 |
| Sublocalización o colección | R.31324 |
| -- | R.M.6156 |
| itemnumber | 87511 |
| Ubicación en estantería | Sala Valle Inclán |
| Marcas de propiedad | Sello en tinta azul de la Bibliotec del Ateneo de Madrid. |
| Anotaciones manuscritas | Anotación manuscrita a lápiz en cubierta: "48". |
| Donativo/Legado | Sello en tinta azul en cubierta: "Donativo". |
| Nota libre | Sello en tinta azul en cubierta: "21.DIC.1951" |
| 942 ## - ELEMENTOS DE ENTRADA SECUNDARIOS (KOHA) | |
| Fuente del sistema de clasificación o colocación | Clasificación decimal universal |
| Tipo de ítem Koha | Libro impreso |
| Estatus retirado | Estado de pérdida | Estado de daño | No para préstamo | Biblioteca de origen | Biblioteca actual | Ubicación en estantería | Fecha de adquisición | Fuente de adquisición | Total de préstamos | Signatura topográfica completa | Código de barras | Visto por última vez | Precio de reemplazo | Tipo de ítem Koha |
|---|---|---|---|---|---|---|---|---|---|---|---|---|---|---|
| Biblioteca del Ateneo de Madrid | Biblioteca del Ateneo de Madrid | Sala Valle Inclán | 17/01/2008 | D-6565 | 901088212 | 23/02/2023 | 23/02/2023 | Libro impreso |
